00462nam a2200157 a 450000100060000000300090000600800410001502000140005604000280007008200180009810000280011624500860014426000290023030000160025965000290027525341CO-ViMGA141112s2004 ck r 000 u spa d a84470502X aCO-ViMGAbspacCO-ViMGA04a346.017 G172a1 aGarcia Rubio, Maria Paz10aAliemntos entre Conyuges y entre Convivientes de Hecho / cMaria Paz Garcia Rubio aColombia : bCivitas S.A a240 P 20 cm14aAlimentos entre Conyuges